Things That Start With 'N' - Statistics

General Stats
  • This quiz has been taken 50 times
  • The average score is 13 of 16
Answer Stats
Picture Answer % Correct
Nail
100%
Neptune
100%
New York City
100%
Nose
100%
Nurse
96%
Navy
91%
Needle
91%
Notebook
83%
Nectarine
81%
Nun
81%
Nachos
79%
Neon
79%
Nuts
77%
Noose
70%
Nebula
60%
Noodles
55%
No matching quizzes found
Score Distribution
Percent of People with Each Score
Percentile by Number Answered
Your Score History
You have not taken this quiz